000 00595nam a2200205Ia 4500
005 20260429112123.0
008 260429s9999||||xx |||||||||||||| ||und||
020 _a9781484246528
041 _aEnglish
082 _a005.133
_bEMB
100 _aEmbarak, Ossama
245 0 _aData analysis and visualization using Python :
_banalyze data to create visualizations for BI systems /
_cOssama Embarak
250 _a1st ed.
260 _aCalifornia :
_bApress,
_c2025.
300 _axx, 374 p.; pbk
650 _a Python
650 _a Visualization
650 _aData analysis
942 _cTB
999 _c52453
_d52453